Strategic planning, systems analysis, and database design : the continuous flow approach /
Guardado en:
| Autor Principal: | |
|---|---|
| Otros Autores: | |
| Formato: | Libro |
| Idioma: | English |
| Publicado: |
New York :
Wiley,
c1984.
|
| Materias: | |
| Etiquetas: |
Agregar Etiqueta
Sin Etiquetas, Sea el primero en etiquetar este registro!
|
| LEADER | 00831cam a2200229 a 4500 | ||
|---|---|---|---|
| 001 | MAT.inmabb004532 | ||
| 008 | 830531s1984####nyua#####b####001#0#eng## | ||
| 005 | 20170508123703.0 | ||
| 245 | 1 | 0 | |a Strategic planning, systems analysis, and database design : |b the continuous flow approach / |c Mark L. Gillenson, Robert Goldberg. |
| 260 | |a New York : |b Wiley, |c c1984. | ||
| 300 | |a ix, 228 p. : |b il. ; |c 24 cm. | ||
| 500 | |a "A Wiley-Interscience publication." | ||
| 504 | |a Incluye referencias bibliográficas e índice. | ||
| 020 | |a 0471890669 | ||
| 100 | 1 | |a Gillenson, Mark L. | |
| 700 | 1 | |a Goldberg, Robert, |d 1939- | |
| 650 | 0 | |a Business planning |x Data processing. | |
| 650 | 0 | |a System analysis |x Data processing. | |
| 650 | 0 | |a Database design. | |
| 010 | |a 83010212 | ||
| 040 | |a DLC |c DLC |d DLC | ||
| 859 | |h 68 |i G476 |p A-6180 |b BIB. MATEMATICA | ||
